000 02697cam a2200553 a 4500
001 966210
003 ARRUPE
005 20140130140702.0
008 910522m19901991miu b 001 0aeng
010 _a 89037059
020 _a0879074507 (v. 1)
020 _a087907650X (v. 1 : pbk.)
020 _a0879074213 (v. 2)
020 _a0879077212 (pbk. : v. 2)
020 _a0879074221 (v. 3)
020 _a0879076224 (pbk. : v. 3)
035 _a(OCoLC)20524286
035 _a(OCoLC)ocm20524286
035 _a(CStRLIN)NYCG91-B52326
035 _a(NNC)966210
040 _aDLC
_cDLC
_dDLC
_dNNC
041 0 _aenglat
043 _ae-be---
050 0 0 _aBV5059.B42
_bG26 1990
082 0 0 _a271/.97
_aB
_220
100 1 _aGanck, Roger de,
_d1908-
_97361
245 1 0 _aBeatrice of Nazareth :
_ba three volume study /
_cby Roger de Ganck.
260 _aKalamazoo, Mich. :
_bCistercian Publications,
_c1990-1991.
300 _axv, 342p.;
_c23cm.
490 1 _av. 1: Cistercian Fathers series ;
_vno. 50
490 1 _av. 2-3: Cistercian studies series ;
_vno. 121-122
500 _a"The Life of Beatrice, translated into English, and two volumes of studies on her significance and place along [sic] religious women ... of the thirteenth century, form a single continuous study. Volumes two and three of this work (the study proper) have therefore continuous pagination; the bibliography and indices for the first two chapters of Volume One (the Life of Beatrice) and for volumes two and three will appear at the end of volume three"--Pref., v. 2, p. v.
504 _aIncludes bibliographical references and indexes.
505 0 _av. 1. Beatrice of Nazareth : a thirteenth century biography / translated by Roger de Ganck -- [v. 2] Beatrice of Nazareth in her context -- [v. 3] Towards unification with God : Beatrice of Nazareth in her context : v. 2, pt. 3.
600 0 0 _aBeatrijs,
_cvan Tienen,
_dapproximately 1200-1268.
_97362
650 0 _aNuns
_zBelgium
_zFlanders
_vBiography
_vEarly works to 1800.
_97363
650 0 _aMystics
_zBelgium
_zFlanders
_vBiography
_vEarly works to 1800.
_97364
650 0 _aTheology
_vEarly works to 1800.
_97365
650 0 _aAsceticism
_xHistory
_yMiddle Ages, 600-1500.
_97366
650 0 _aTheology
_xHistory
_yMiddle Ages, 600-1500.
_97367
730 0 2 _aVita Beatricis.
_lEnglish & Latin.
_f1990.
_97368
740 0 2 _aBeatrice of Nazareth : a thirteenth century biography
740 0 1 _aBeatrice of Nazareth in her context.
740 0 1 _aTowards unification with God.
830 0 _aCistercian studies series ;
_vno. 121, etc.
_97369
830 0 _aCistercian Fathers series ;
_vno. 50.
_97370
942 _2lcc
_cMONOGRAPH
999 _c119784
_d119784